| 000 | 00743nam a2200217Ia 4500 | ||
|---|---|---|---|
| 999 |
_c2644 _d2644 |
||
| 020 | _a0-566-08305-1 | ||
| 082 | _aRR 025.04 MAN- | ||
| 245 | 0 | _aManual of online search strategies | |
| 250 | _a3rd | ||
| 260 |
_aBurlington _bGower Publishing _c2001 |
||
| 300 | _axvii, 354p. | ||
| 500 | _aContents: Vol.3. Humanities and Social sciences | ||
| 650 | _aOnline bibliographic searching - Handbooks, manuals, etc. | ||
| 650 | _aSocial sciences - Handbooks, manuals, etc. | ||
| 650 | _aInformation storage and retrieval systems - Humanities | ||
| 650 | _aInformation storage and retrieval systems - Social sciences | ||
| 650 | _aHumanities - Handbooks, manuals, etc. | ||
| 700 | _aArmstrong, C.J. | ||
| 700 | _aLarge, Andrew | ||
| 942 | _cBK | ||